La figura de los sistemas de cumplimiento en la nueva ley de responsabilidad penal de personas jurídicas (Registro nro. 12408)
[ vista simple ]
| 000 -LEADER | |
|---|---|
| fixed length control field | 00378 a2200109 4500 |
| 001 - CONTROL NUMBER | |
| control field | ART_47599 |
| 005 - DATE AND TIME OF LATEST TRANSACTION | |
| control field | 20260410161630.0 |
| 008 - FIXED-LENGTH DATA ELEMENTS--GENERAL INFORMATION | |
| fixed length control field | 260409a |
| 100 1# - MAIN ENTRY--PERSONAL NAME | |
| Personal name | D´Onofrio, Paula Alejandra |
| 245 10 - TITLE STATEMENT | |
| Title | La figura de los sistemas de cumplimiento en la nueva ley de responsabilidad penal de personas jurídicas |
| 773 0# - HOST ITEM ENTRY | |
| Title | Enfoques |
| Related parts | - N°9 (sep. 2018) |
| Record control number | REV416 |
No hay ítems disponibles.